000 00393nam a22001697a 4500
003 OSt
005 20260317122633.0
008 260317b |||||||| |||| 00| 0 eng d
040 _cFLL
041 _aENG
_dENG
100 _aGURNANI, SIMRAN, RANJAN
_91132304
245 _aSPORTS CONTRACTS
250 _a1st
260 _aHARYANA
_bLEXIS NEXIS
_c2025
300 _a469
942 _2CC
_cTB
_n0
999 _c1715606
_d1715606